00531nam a22001817a 4500003000500000005001700005008004100022020001800063040000600081082002000087100004200107245003200149260002400181300000900205942001200214999001900226952010400245CEME20210628205611.0210308b xxu||||| |||| 00| 0 eng d a1-57610-099-5 c. a005.7565 PAP'O aPapaj, Robert Burleson, Donald976207 aOracle databases on the web aUSAbCORIOLISc1997 a575P cBK2ddc c581611d581611 00104070aCEMEbCEMEcGENd2017-05-26l0o005.7565 PAP'OpCEME-32264r2021-06-28w2021-06-28yBK